000 00321nam a2200157Ia 4500
100 _aJohnson/Spencer
650 _aGeneral
942 _cBK
654 _acheese
245 _aWho moved my cheese
260 _bVermition
_aLondon
_c1998
082 _a658.0092
_bJOH
300 _a95
546 _aENGLISH
999 _c31322
_d31322